<?xml version="1.0" encoding="UTF-8"?>
<marc:record xmlns:marc="http://www.loc.gov/MARC21/slim">
   <marc:leader>00000nam a2200000 a 4500</marc:leader>
   <marc:datafield ind1="1" ind2=" " tag="100">
      <marc:subfield code="a">Flynn, Gillian</marc:subfield>
      <marc:subfield code="4">aut</marc:subfield>
      <marc:subfield code="e">Verfasser/-in</marc:subfield>
   </marc:datafield>
   <marc:datafield ind1=" " ind2=" " tag="653">
      <marc:subfield code="a">Thriller</marc:subfield>
   </marc:datafield>
   <marc:datafield ind1=" " ind2=" " tag="653">
      <marc:subfield code="a">Abenteuer-,Spannungs-,Agentenroman</marc:subfield>
   </marc:datafield>
   <marc:datafield ind1="0" ind2="0" tag="245">
      <marc:subfield code="a">Gone Girl</marc:subfield>
   </marc:datafield>
   <marc:datafield ind1="0" ind2="0" tag="245">
      <marc:subfield code="b">Das perfekte Opfer ; Roman</marc:subfield>
   </marc:datafield>
   <marc:datafield ind1=" " ind2="1" tag="264">
      <marc:subfield code="b">Fischer Scherz</marc:subfield>
      <marc:subfield code="c">2013</marc:subfield>
   </marc:datafield>
   <marc:datafield ind1="1" ind2=" " tag="520">
      <marc:subfield code="a">„Was denkst du gerade, Amy?” Diese Frage habe ich ihr oft während unserer Ehe gestellt. Ich glaube, das fragt man sich immer wieder: Was denkst du? Wie geht es dir? Wer bist du? Wie gut kennt man eigentlich den Menschen, den man liebt?
Genau diese Fragen stellt sich Nick Dunne am Morgen seines fünften Hochzeitstages, dem Morgen, an dem seine Frau Amy spurlos verschwindet. Die Polizei verdächtigt sogleich Nick. Amys Freunde berichten, dass sie Angst vor ihm hatte. Er schwört, dass das nicht wahr ist. In seinem Computer findet die Polizei merkwürdige Hinweise. Er erhält sonderbare Anrufe. Was geschah mit Nicks wunderbarer Frau Amy? </marc:subfield>
   </marc:datafield>
   <marc:datafield ind1=" " ind2=" " tag="020">
      <marc:subfield code="a">9783502102229</marc:subfield>
      <marc:subfield code="9">9783502102229</marc:subfield>
   </marc:datafield>
</marc:record>
